<?xml version="1.0" encoding="UTF-8"?>
<record
    xmlns:xsi="http://www.w3.org/2001/XMLSchema-instance"
    xsi:schemaLocation="http://www.loc.gov/MARC21/slim http://www.loc.gov/standards/marcxml/schema/MARC21slim.xsd"
    xmlns="http://www.loc.gov/MARC21/slim">

  <leader>04468nam a2200457 a 4500</leader>
  <controlfield tag="003">CHAP</controlfield>
  <controlfield tag="005">20241007135157.0</controlfield>
  <controlfield tag="007">cr ||||||a|c|a</controlfield>
  <controlfield tag="008">101122s20101   mx      r     00010 spa d</controlfield>
  <datafield tag="035" ind1=" " ind2=" ">
    <subfield code="a">111551</subfield>
  </datafield>
  <datafield tag="040" ind1=" " ind2=" ">
    <subfield code="c">CHAP</subfield>
  </datafield>
  <datafield tag="090" ind1=" " ind2=" ">
    <subfield code="a">Tesis</subfield>
  </datafield>
  <datafield tag="100" ind1="1" ind2=" ">
    <subfield code="a">Morales P&#xE9;rez, Marcela.</subfield>
    <subfield code="9">78382</subfield>
  </datafield>
  <datafield tag="245" ind1="1" ind2="0">
    <subfield code="a">Efecto de la incorporaci&#xF3;n de t&#xE9;rminos en la mezcla encolante, sobre el contenido de formaldehido libre en tableros de part&#xED;culas</subfield>
    <subfield code="c">/por Marcela Morales P&#xE9;rez: director de tesis Mario Fuentes Salinas.</subfield>
  </datafield>
  <datafield tag="264" ind1=" " ind2="1">
    <subfield code="a">Chapingo, M&#xE9;x. :</subfield>
    <subfield code="b">El autor,</subfield>
    <subfield code="c">2010.</subfield>
  </datafield>
  <datafield tag="300" ind1=" " ind2=" ">
    <subfield code="a">1 recurso en l&#xED;nea (86 p&#xE1;ginas):</subfield>
    <subfield code="b">cuadros, figuras.</subfield>
  </datafield>
  <datafield tag="336" ind1=" " ind2=" ">
    <subfield code="2">rdacontent</subfield>
    <subfield code="a">texto</subfield>
    <subfield code="b">txt</subfield>
  </datafield>
  <datafield tag="337" ind1=" " ind2=" ">
    <subfield code="2">rdamedia</subfield>
    <subfield code="a">computadora</subfield>
    <subfield code="b">c</subfield>
  </datafield>
  <datafield tag="338" ind1=" " ind2=" ">
    <subfield code="2">rdacarrier</subfield>
    <subfield code="a">recursos en l&#xED;nea</subfield>
    <subfield code="b">cr</subfield>
  </datafield>
  <datafield tag="502" ind1=" " ind2=" ">
    <subfield code="b">IFI</subfield>
    <subfield code="c">DICIFO</subfield>
    <subfield code="d">2010.</subfield>
    <subfield code="g">LIC</subfield>
  </datafield>
  <datafield tag="520" ind1=" " ind2=" ">
    <subfield code="a">En la actualidad, ha incrementado la demanda de los tableros de part&#xED;culas para usos industriales debido a su resistencia mec&#xE1;nica, costo y diversidad de aplicaciones. Dichos tableros est&#xE1;n fabricados a base de part&#xED;culas de madera y de aglutinantes tales como resina de urea-formaldehido, emulsi&#xF3;n y catalizador. Respecto al formaldehido, es un gas que a altas concentraciones es da&#xF1;ino para el ser humano en exposiciones prolongadas a &#xE9;ste. Para su control, se han realizado estudios utilizando diversos productos para disminuir los niveles de contenido y de emisi&#xF3;n de formaldehido en los tableros de part&#xED;culas, entre los cuales destaca la utilizaci&#xF3;n de taninos adicionados en la mezcla encolante. El tanino se considera que funciona como un atrapador del formaldehido libre que queda en los tableros de part&#xED;culas despu&#xE9;s del proceso de prensado, pudiendo reducir el contenido de formaldehido libre y su posterior emisi&#xF3;n. Dado que la tendencia mundial en la fabricaci&#xF3;n y comercializaci&#xF3;n de tableros de part&#xED;culas es cada vez m&#xE1;s exigente en limitar el contenido de formaldehido libre, en M&#xE9;xico se consider&#xF3; necesario probar el efecto de la inclusi&#xF3;n de taninos en la mezcla encolante de los tableros producidos en la planta de tableros ubicada en la Cd. de Zit&#xE1;cuaro, Mich, para que dichos tableros puedan cumplir con los lineamientos de las normas establecidas. Para ello se probaron cuatro diferentes proporciones de tanino, elabor&#xE1;ndose tableros de 16mm de espesor, sustituyendo un porcentaje de la resina, por la mitad de ese porcentaje de tanino, y evaluando su contenido de formaldehido, el efecto que estas mezclas tuvieron en su resistencia mec&#xE1;nica a flexi&#xF3;n est&#xE1;tica y a la tracci&#xF3;n perpendicular al plano, as&#xED; como en la densidad del tablero y nivel de hinchamiento, realiz&#xE1;ndose este proyecto en la planta de tableros de part&#xED;culas de la empresa Rexcel S.A. de C.V., Planta Vikingo. Los resultados obtenidos demostraron la eficiencia de los taninos en la reducci&#xF3;n del contenido de formaldehido libre, obteniendo los mejores resultados, al combinar los valores de la resistencia mec&#xE1;nica, con una mezcla de una sustituci&#xF3;n del 20% de resina por el 10% de tanino. Cabe indicar que aunque se manifest&#xF3; la reducci&#xF3;n del formaldehido, los tableros fabricados y probados no alcanzaron a&#xFA;n as&#xED; el nivel m&#xE1;ximo permitido por la NMX-C-462-ONNCCE-2009 o los niveles para ser clasificados como E1 seg&#xFA;n la norma europea UNE-EN 120. Por lo que se concluye que el tanino si ayuda a la disminuci&#xF3;n de contenido de formaldehido sin afectar negativamente las propiedades f&#xED;sico-mec&#xE1;nicas, sin embargo, se deben probar mayores dosificaciones de tanino para poder alcanzar el valor objetivo de contenido y emisi&#xF3;n de formaldehido.</subfield>
  </datafield>
  <datafield tag="590" ind1=" " ind2=" ">
    <subfield code="a">ALEPH</subfield>
    <subfield code="b">10</subfield>
    <subfield code="c">20130110</subfield>
  </datafield>
  <datafield tag="590" ind1=" " ind2=" ">
    <subfield code="a">BATCH-UPD</subfield>
    <subfield code="b">10</subfield>
    <subfield code="c">20130110</subfield>
  </datafield>
  <datafield tag="590" ind1=" " ind2=" ">
    <subfield code="a">BATCH-UPD</subfield>
    <subfield code="b">10</subfield>
    <subfield code="c">20130410</subfield>
  </datafield>
  <datafield tag="590" ind1=" " ind2=" ">
    <subfield code="a">BATCH-UPD</subfield>
    <subfield code="b">10</subfield>
    <subfield code="c">20130914</subfield>
  </datafield>
  <datafield tag="590" ind1=" " ind2=" ">
    <subfield code="a">BATCH-UPD</subfield>
    <subfield code="b">10</subfield>
    <subfield code="c">20140324</subfield>
  </datafield>
  <datafield tag="590" ind1=" " ind2=" ">
    <subfield code="a">BATCH-UPD</subfield>
    <subfield code="b">10</subfield>
    <subfield code="c">20141002</subfield>
  </datafield>
  <datafield tag="590" ind1=" " ind2=" ">
    <subfield code="a">CONVERSION</subfield>
    <subfield code="b">10</subfield>
    <subfield code="c">20130109</subfield>
  </datafield>
  <datafield tag="650" ind1="1" ind2="4">
    <subfield code="a">Compresi&#xF3;n de la madera.</subfield>
    <subfield code="9">26109</subfield>
  </datafield>
  <datafield tag="650" ind1="1" ind2="4">
    <subfield code="a">Formaldehido.</subfield>
    <subfield code="9">42395</subfield>
  </datafield>
  <datafield tag="650" ind1="1" ind2="4">
    <subfield code="a">Tableros de part&#xED;culas.</subfield>
    <subfield code="9">111301</subfield>
  </datafield>
  <datafield tag="650" ind1="1" ind2="4">
    <subfield code="a">Taninos.</subfield>
    <subfield code="9">111590</subfield>
  </datafield>
  <datafield tag="700" ind1="1" ind2=" ">
    <subfield code="a">Fuentes Salinas, Mario</subfield>
    <subfield code="9">43899</subfield>
    <subfield code="e">Director de tesis.</subfield>
  </datafield>
  <datafield tag="856" ind1=" " ind2=" ">
    <subfield code="u">http://10.13.5.2/tesis/111551.pdf</subfield>
    <subfield code="z">DESCARGAR PDF</subfield>
  </datafield>
  <datafield tag="901" ind1=" " ind2=" ">
    <subfield code="a">BK</subfield>
  </datafield>
  <datafield tag="942" ind1=" " ind2=" ">
    <subfield code="c">TD</subfield>
    <subfield code="2">Clasificaci&#xF3;n Universidad Aut&#xF3;noma Chapingo</subfield>
  </datafield>
  <datafield tag="949" ind1=" " ind2=" ">
    <subfield code="a">Tesis</subfield>
    <subfield code="b">BC</subfield>
    <subfield code="c">TES</subfield>
    <subfield code="d">33724002222967</subfield>
    <subfield code="e">TS1</subfield>
    <subfield code="g">Donaci&#xD8;n</subfield>
    <subfield code="h">51490</subfield>
    <subfield code="i">111551</subfield>
    <subfield code="s">b</subfield>
  </datafield>
  <datafield tag="949" ind1=" " ind2=" ">
    <subfield code="b">BC</subfield>
    <subfield code="c">TES</subfield>
    <subfield code="d">33724002222926</subfield>
    <subfield code="e">TS2</subfield>
    <subfield code="f">c.2</subfield>
    <subfield code="g">Donaci&#xD8;n</subfield>
    <subfield code="h">51491</subfield>
    <subfield code="i">111551</subfield>
    <subfield code="s">b</subfield>
  </datafield>
  <datafield tag="999" ind1=" " ind2=" ">
    <subfield code="c">99893</subfield>
    <subfield code="d">99893</subfield>
  </datafield>
  <datafield tag="952" ind1=" " ind2=" ">
    <subfield code="0">0</subfield>
    <subfield code="1">0</subfield>
    <subfield code="2">local</subfield>
    <subfield code="4">0</subfield>
    <subfield code="5">1</subfield>
    <subfield code="7">0</subfield>
    <subfield code="8">TesDigL</subfield>
    <subfield code="a">BD</subfield>
    <subfield code="b">BD</subfield>
    <subfield code="c">E_L</subfield>
    <subfield code="d">2019-12-31</subfield>
    <subfield code="l">0</subfield>
    <subfield code="o">Tesis digital</subfield>
    <subfield code="r">2019-12-31 00:00:00</subfield>
    <subfield code="w">2019-12-31</subfield>
    <subfield code="y">TD</subfield>
  </datafield>
</record>
